Francja - regiony i ich największe miasta - Statystyki

Ogólne statystyki
  • Ten quiz został rozwiązany 93 razy
  • Średni wynik to 10 z 26
Statystyki odpowiedzi
Odpowiedź % Poprawnych
Paryż
92%
Marsylia
80%
Lyon
77%
Bordeaux
65%
Bretania
56%
Lille
56%
Normandia
53%
Tuluza
53%
Île-de-France
48%
Nantes
47%
Strasburg
44%
Rennes
36%
Nowa Akwitania
32%
Korsyka
30%
Oksytania
29%
Dijon
26%
Kraj Loary
26%
Grand Est
24%
Hauts-de-France
20%
Prowansja-Alpy-Lazurowe Wybrzeże
20%
Ajaccio
18%
Hawr
18%
Owernia-Rodan-Alpy
17%
Burgundia-Franche-Comté
15%
Region Centralny-Dolina Loary
12%
Tours
9%
Nie znaleziono quizów pasujących do podanych kryteriów
Rozkład punktacji
Procent ludzi z każdym wynikiem
Percentyl według liczby udzielonych odpowiedzi
Twoja historia wyników
Nie rozwiązałeś tego quizu